| 000 | 00479nam a22001457a 4500 | ||
|---|---|---|---|
| 008 | 230427b |||||||| |||| 00| 0 eng d | ||
| 040 |
_aNational Science Library _cNational Science Library |
||
| 080 |
_a504(540) _bN8 |
||
| 245 |
_aMonograph on environmental impact assessment in India _c/ Environmental Information System |
||
| 260 |
_aIndia _bCentre for Environmental Studies, _c1998 |
||
| 300 | _a27pp. | ||
| 650 | _aScience | ||
| 653 | _aEnvironment | ||
| 942 |
_2udc _cMON |
||
| 999 |
_c24228 _d24228 |
||